Managing human resources : a partnership perspctive

Αποθηκεύτηκε σε:
Λεπτομέρειες βιβλιογραφικής εγγραφής
Κύριος συγγραφέας: Schuler, Randall S.
Άλλοι συγγραφείς: Jackson, Susan E.
Μορφή: Βιβλίο
Γλώσσα:English
Δημοσίευση: Cincinnati : South-Western College Publishing, 1999
Έκδοση:7th ed.
Θέματα:
Ετικέτες: Προσθήκη ετικέτας
Δεν υπάρχουν, Καταχωρήστε ετικέτα πρώτοι!

MARC

LEADER 00000cam a2200000 i 4500
001 1/56652
008 011207s1999 eng d
020 |a 0-324-00415-X 
035 |l 10000025 
040 |a GR-MY-UA  |b gre  |e aacr 
041 0 |a eng 
082 0 |a 658.3 
100 1 |a Schuler, Randall S. 
245 1 0 |a Managing human resources :  |b a partnership perspctive /  |c Randall S. Schuler, Susan E. Jackson 
250 |a 7th ed. 
260 |a Cincinnati :   |b South-Western College Publishing,   |c 1999 
300 |a xxiv, 776p.;  |c 25 cm. 
504 |a Includes bibliographical references and index 
650 0 0 |a Personnel management. 
700 1 |a Jackson, Susan E. 
852 |a INST  |b CHIOS  |e 20011207  |h 658.3 SCH  |p 005200020485  |q 005200020485  |t BK  |y 0 
852 |a INST  |b CHIOS  |e 20011207  |h 658.3 SCH  |p 005200020506  |q 005200020506  |t BK  |y 0 
852 |a INST  |b CHIOS  |e 20011207  |h 658.3 SCH  |p 005200020507  |q 005200020507  |t BK  |y 0 
852 |a INST  |b CHIOS  |e 20011207  |h 658.3 SCH  |p 005200020508  |q 005200020508  |t BK  |y 0 
852 |a INST  |b CHIOS  |e 20011207  |h 658.3 SCH  |p 005200020509  |q 005200020509  |t BK  |y 0 
852 |a INST  |b CHIOS  |e 20011207  |h 658.3 SCH  |p 005200020510  |q 005200020510  |t BK  |y 0 
852 |a INST  |b CHIOS  |e 20011207  |h 658.3 SCH  |p 005200020511  |q 005200020511  |t BK  |y 0 
901 |a BIBL2-2001-3 
909 |a Χ  |b 098500 
909 |a Χ  |b 098552 
909 |a Χ  |b 098498 
909 |a Χ  |b 098499 
909 |a Χ  |b 098496 
909 |a Χ  |b 098495 
909 |a Χ  |b 098497 
970 |a ΠΟΥΛΑΚΗ  |b ΣΤΕΛΛΑ  |z 2001/12/07